[Event "Washington op"]
[Site "Washington DC "]
[Date "2015.10.10"]
[Round "5"]
[White "Strenzwilk, Denis"]
[Black "Paul, Justin"]
[Result "0-1"]
[WhiteElo "1852"]
[BlackElo "1926"]
[PlyCount "104"]
[EventDate "2015.10.07"]
[EventType "swiss"]
[EventRounds "9"]
[EventCountry "USA"]
[SourceTitle "CBM 168 Extra"]
[Source "ChessBase"]
[SourceDate "2015.10.29"]
[SourceVersion "1"]
[SourceVersionDate "2015.10.29"]
[SourceQuality "1"]

1. e4 e6 2. d4 d5 3. Nc3 Bb4 4. e5 c5 5. Qg4 Ne7 6. dxc5 Nbc6 7. Bd2 Nf5 8. Nf3 h5 9. Qf4 Bxc5 10. Bd3 Nce7 11. h4 Bd7 12. 0-0 Ng6 13. Qh2 Nfxh4 14. Nxh4 Qxh4 15. Qxh4 Nxh4 16. Rfe1 Ng6 17. a4 a6 18. Re2 Bd4 19. Bxg6 fxg6 20. Nd1 0-0 21. c3 Bc5 22. Ne3 Rac8 23. Nc2 Rf5 24. Kf1 Ba7 25. Be3 Bxe3 26. Rxe3 Rc4 27. Nd4 Rf8 28. a5 g5 29. Ke1 g4 30. Ra3 Kf7 31. Rb3 Bc8 32. Ra3 g5 33. b3 Rc7 34. b4 Bd7 35. Nb3 Ke7 36. Nd4 h4 37. Rb3 Rf4 38. Ne2 Bb5 39. g3 h3 40. gxf4 h2 41. Ng3 gxf4 42. Nh1 fxe3 43. fxe3 Bd3 44. Rb2 Rxc3 45. Rxh2 Be4 46. Kf2 Rc2+ 47. Kg3 Rxh2 48. Kxh2 Bxh1 49. Kxh1 Kf7 50. Kg2 Kg6 51. Kg3 Kf5 52. Kh4 Kxe5 0-1

[Event "US Open-115"]
[Site "Orlando"]
[Date "2014.07.30"]
[Round "2"]
[White "Strenzwilk, Denis"]
[Black "Aird, Ian"]
[Result "0-1"]
[WhiteElo "1876"]
[BlackElo "1900"]
[PlyCount "126"]
[EventDate "2014.07.26"]
[EventType "swiss"]
[EventRounds "9"]
[EventCountry "USA"]
[SourceTitle "CBM 161 Extra"]
[Source "ChessBase"]
[SourceDate "2014.08.29"]
[SourceVersion "1"]
[SourceVersionDate "2014.08.29"]
[SourceQuality "1"]

1. e4 d6 2. d4 Nf6 3. Nc3 g6 4. Be3 a6 5. a4 Bg7 6. Qd2 0-0 7. f3 e5 8. dxe5 dxe5 9. Qxd8 Rxd8 10. Bg5 Be6 11. Bd3 Nc6 12. h4 h6 13. Be3 Nb4 14. Rd1 Rd7 15. Nge2 Rad8 16. Nc1 Nh5 17. Kf2 Nf4 18. g3 Nfxd3+ 19. cxd3 Nxd3+ 20. Nxd3 Rxd3 21. Rxd3 Rxd3 22. Rc1 h5 23. Rc2 Bf8 24. Rd2 Rxd2+ 25. Bxd2 Bb4 26. f4 f6 27. fxe5 fxe5 28. Ke2 Kf7 29. Kd3 Bc5 30. Be1 c6 31. Ne2 b5 32. axb5 axb5 33. Nc3 Bc4+ 34. Kc2 Bd4 35. b3 Bf1 36. Nb1 Ke6 37. Nd2 Be2 38. b4 c5 39. bxc5 Bxc5 40. Kc3 Bd1 41. Kd3 Kd6 42. Nf1 Bb3 43. Ne3 Ba2 44. Ke2 b4 45. Bd2 Bb1 46. Nc4+ Ke6 47. Kf3 b3 48. Bc3 Bd4 49. Bxd4 exd4 50. Kf4 Bc2 51. Kf3 Bd3 52. Nb2 Bb5 53. Kf4 Kf6 54. Nd1 Be2 55. Nb2 Bb5 56. Nd1 d3 57. Nc3 b2 58. Ke3 Ke5 59. Nb1 Bc6 60. Nd2 Bb5 61. Nb1 Bc4 62. Nd2 Ba2 63. Kxd3 b1Q+ 0-1

[Event "Continental Class-ch"]
[Site "Arlington"]
[Date "2011.10.08"]
[Round "5"]
[White "Strenzwilk, Denis"]
[Black "Bauza Mercere, Eduardo"]
[Result "1/2-1/2"]
[WhiteElo "2017"]
[BlackElo "1854"]
[PlyCount "49"]
[EventDate "2011.10.06"]
[EventType "swiss"]
[EventRounds "9"]
[EventCountry "USA"]
[SourceTitle "CBM 144 Extra"]
[Source "ChessBase"]
[SourceDate "2011.10.28"]
[SourceVersion "1"]
[SourceVersionDate "2011.10.28"]
[SourceQuality "1"]

1. e4 e6 2. d4 d5 3. Nc3 dxe4 4. Nxe4 Bd7 5. Nf3 Bc6 6. Bd3 Nd7 7. 0-0 Ngf6 8. Bg5 Be7 9. Bxf6 Bxf6 10. Qe2 0-0 11. Rad1 Qe7 12. c4 Rfe8 13. Rfe1 Nf8 14. Bc2 Bxe4 15. Qxe4 c6 16. Ne5 Bxe5 17. dxe5 Red8 18. g3 Rxd1 19. Rxd1 Rd8 20. Rd4 g6 21. Kg2 Kg7 22. Qf4 Rd7 23. Qd2 Rxd4 24. Qxd4 Nd7 25. f4 1/2-1/2

[Event "Foxwoods op"]
[Site "Ledyard"]
[Date "2009.04.09"]
[Round "3"]
[White "Mandizha, Farai"]
[Black "Strenzwilk, Denis"]
[Result "1/2-1/2"]
[WhiteElo "2313"]
[BlackElo "2079"]
[PlyCount "141"]
[EventDate "2009.04.08"]
[EventType "swiss"]
[EventRounds "9"]
[EventCountry "USA"]
[SourceTitle "CBM 129 Extra"]
[Source "ChessBase"]
[SourceDate "2009.05.05"]
[SourceVersion "2"]
[SourceVersionDate "2009.05.20"]
[SourceQuality "1"]

1. d4 d5 2. c4 e6 3. Nc3 Be7 4. cxd5 exd5 5. Bf4 Nf6 6. e3 0-0 7. Bd3 c6 8. Qc2 Nbd7 9. Nf3 Re8 10. h4 Nf8 11. h5 Be6 12. Ne5 Rc8 13. h6 g6 14. 0-0 N6d7 15. e4 Nxe5 16. Bxe5 Bg5 17. Bg7 Bf6 18. exd5 cxd5 19. f4 Bxg7 20. hxg7 Kxg7 21. f5 gxf5 22. Bxf5 Qg5 23. Qf2 Ng6 24. Rad1 Nh4 25. Bc2 Kh8 26. Qf6+ Qxf6 27. Rxf6 Rg8 28. Rd2 Rg5 29. Rf4 Ng6 30. Rff2 a6 31. Na4 Rc7 32. Nc5 Re7 33. Bd3 Rg4 34. Be2 Rf4 35. Rxf4 Nxf4 36. Bf3 Kg7 37. Kh2 Ng6 38. Re2 Bc8 39. Rc2 Bf5 40. Rc3 Be4 41. Bd1 Nf4 42. Rb3 Ne6 43. Nxe6+ fxe6 44. Rb6 Kf6 45. Bg4 Bf5 46. Bf3 Rd7 47. Kg3 Kg5 48. Kf2 h5 49. g3 Rc7 50. Ke3 Re7 51. a4 Bg4 52. Bg2 Bd1 53. a5 Ba4 54. Bf3 Bc6 55. Be2 Rc7 56. Kd2 h4 57. gxh4+ Kxh4 58. Ke3 Kg5 59. Rb3 Ba4 60. Rc3 Rxc3+ 61. bxc3 Bc2 62. Kd2 Bb3 63. Kc1 Kf4 64. Kb2 Bc4 65. Bh5 e5 66. dxe5 Kxe5 67. Ka3 d4 68. cxd4+ Kxd4 69. Kb4 Bd5 70. Bd1 Bc6 71. Be2 1/2-1/2

[Event "Foxwoods op"]
[Site "Ledyard"]
[Date "2009.04.08"]
[Round "1"]
[White "Shankland, Samuel L"]
[Black "Strenzwilk, Denis"]
[Result "1-0"]
[WhiteElo "2446"]
[BlackElo "2079"]
[PlyCount "83"]
[EventDate "2009.04.08"]
[EventType "swiss"]
[EventRounds "9"]
[EventCountry "USA"]
[SourceTitle "CBM 129 Extra"]
[Source "ChessBase"]
[SourceDate "2009.05.05"]
[SourceVersion "2"]
[SourceVersionDate "2009.05.20"]
[SourceQuality "1"]

1. e4 c5 2. Nf3 Nc6 3. d4 cxd4 4. Nxd4 e5 5. Nb5 d6 6. Bc4 Be7 7. Be3 Nf6 8. f3 0-0 9. 0-0 a6 10. N5c3 Be6 11. Nd5 Bxd5 12. Bxd5 Rc8 13. Nc3 Nd7 14. Qd2 Nc5 15. Rfd1 Ne6 16. Kh1 Kh8 17. Bb3 Ned4 18. Nd5 f5 19. exf5 Nxf5 20. Bb6 Qd7 21. c3 Bd8 22. Bc2 Qf7 23. Bf2 Nce7 24. Nxe7 Bxe7 25. Qd5 Qxd5 26. Rxd5 g6 27. Rad1 Kg7 28. a4 Rc6 29. Be4 Rc4 30. a5 Rfc8 31. R5d3 R4c7 32. g4 Nh6 33. Bb6 Rd7 34. Bd5 Rf8 35. Be6 Rdd8 36. Bxd8 Rxd8 37. c4 Kf6 38. Bd5 Rb8 39. Rb3 e4 40. Bxe4 Rc8 41. Rxb7 g5 42. Bd5 1-0

[Event "Washington Eastern op 33rd"]
[Site "Washington DC"]
[Date "2006.12.28"]
[Round "3"]
[White "Strenzwilk, Denis"]
[Black "Shibut, Macon A"]
[Result "1/2-1/2"]
[WhiteElo "2135"]
[BlackElo "2308"]
[PlyCount "117"]
[EventDate "2006.12.27"]
[EventType "swiss"]
[EventRounds "8"]
[EventCountry "USA"]
[SourceTitle "CBM 115 Extra"]
[Source "ChessBase"]
[SourceDate "2007.01.10"]
[SourceVersion "1"]
[SourceVersionDate "2007.01.10"]
[SourceQuality "1"]

1. e4 Nc6 2. Nf3 d6 3. d4 Nf6 4. Nc3 Bg4 5. Be2 e6 6. Be3 Be7 7. 0-0 0-0 8. d5 exd5 9. exd5 Bxf3 10. Bxf3 Ne5 11. Be2 c5 12. dxc6 bxc6 13. f4 Ned7 14. Kh1 d5 15. a3 Re8 16. Bg1 Bc5 17. b4 Bxg1 18. Rxg1 Re3 19. Qd4 Qb6 20. Qxb6 axb6 21. Bd3 c5 22. Nd1 Re7 23. bxc5 bxc5 24. g4 c4 25. Bf5 Nc5 26. Nc3 Re3 27. Nb5 g6 28. g5 Nh5 29. Nc7 Rd8 30. Bg4 Nxf4 31. Raf1 Nfe6 32. Nxe6 Nxe6 33. Bxe6 Rxe6 34. Kg2 d4 35. Rf4 Re2+ 36. Rf2 Re4 37. h3 Ra8 38. Rb1 Re5 39. h4 Rxa3 40. Rb7 Rf5 41. Rxf5 gxf5 42. Rd7 d3 43. cxd3 Rxd3 44. Rc7 c3 45. h5 Kf8 46. h6 f4 47. Kf2 Rh3 48. Kg2 Rg3+ 49. Kf2 Rh3 50. Kg2 Rd3 51. Kf2 f3 52. g6 fxg6 53. Rxh7 g5 54. Rc7 Kg8 55. Rg7+ Kh8 56. Rxg5 Kh7 57. Rh5 c2 58. Rc5 Kxh6 59. Rxc2 1/2-1/2

[Event "Philadelphia National op 37th"]
[Site "Philadelphia"]
[Date "2006.11.25"]
[Round "4"]
[White "Strenzwilk, Denis"]
[Black "Thaler, Michael"]
[Result "1-0"]
[WhiteElo "2135"]
[BlackElo "2091"]
[PlyCount "27"]
[EventDate "2006.11.24"]
[EventType "swiss"]
[EventRounds "6"]
[EventCountry "USA"]
[SourceTitle "CBM 115 Extra"]
[Source "ChessBase"]
[SourceDate "2007.01.10"]
[SourceVersion "1"]
[SourceVersionDate "2007.01.10"]
[SourceQuality "1"]

1. e4 e5 2. Nf3 Nc6 3. Bb5 a6 4. Ba4 Nf6 5. 0-0 Nxe4 6. Re1 Nc5 7. Nc3 Nxa4 8. Nxe5 Nxe5 9. Rxe5+ Be7 10. Nd5 0-0 11. Nxe7+ Kh8 12. Qh5 d6 13. Qxh7+ Kxh7 14. Rh5# 1-0

[Event "Foxwoods op 08th"]
[Site "Ledyard"]
[Date "2006.04.12"]
[Round "1"]
[White "Kriventsov, Stanislav G"]
[Black "Strenzwilk, Denis"]
[Result "0-1"]
[WhiteElo "2449"]
[BlackElo "2115"]
[PlyCount "77"]
[EventDate "2006.04.12"]
[EventType "swiss"]
[EventRounds "9"]
[EventCountry "USA"]
[SourceTitle "CBM 111 Extra"]
[Source "ChessBase"]
[SourceDate "2006.05.09"]
[SourceVersion "1"]
[SourceVersionDate "2006.05.09"]
[SourceQuality "1"]

1. e4 d5 2. exd5 Nf6 3. Nf3 Nxd5 4. d4 Bg4 5. c4 Nb6 6. c5 N6d7 7. Bc4 e6 8. h3 Bh5 9. 0-0 Be7 10. Nc3 0-0 11. Be3 Nc6 12. Bb5 e5 13. Bxc6 bxc6 14. g4 Bg6 15. Nxe5 Nxe5 16. dxe5 Bd3 17. Re1 Rb8 18. Qf3 Qe8 19. Rad1 Bg6 20. Qe2 f5 21. f4 fxg4 22. hxg4 h5 23. f5 Bh7 24. Rf1 hxg4 25. Qxg4 Rxb2 26. Bd4 Bxc5 27. e6 Qe7 28. Ne4 Bxd4+ 29. Rxd4 Bxf5 30. Rxf5 Rxf5 31. Qxf5 Qh4 32. Nf6+ Qxf6 33. Qxf6 gxf6 34. Rd8+ Kg7 35. e7 Re2 36. e8Q Rxe8 37. Rxe8 Kf7 38. Rc8 Ke6 39. Rxc7 0-1

[Event "Wch Seniors 15th"]
[Site "Lignano Sabbiadoro"]
[Date "2005.10.08"]
[Round "10"]
[White "Strenzwilk, Denis"]
[Black "Hohler, Peter"]
[Result "1-0"]
[WhiteElo "2104"]
[BlackElo "2228"]
[PlyCount "75"]
[EventDate "2005.09.28"]
[EventType "swiss"]
[EventRounds "11"]
[EventCountry "ITA"]
[SourceTitle "CBM 108 Extra"]
[Source "ChessBase"]
[SourceDate "2005.11.04"]
[SourceVersion "1"]
[SourceVersionDate "2005.11.04"]
[SourceQuality "1"]

1. e4 e5 2. f4 exf4 3. Bc4 f5 4. Nc3 Qh4+ 5. Kf1 fxe4 6. Nxe4 Ne7 7. Qe2 h6 8. d4 d6 9. Nf3 Qg4 10. h3 Qh5 11. Bxf4 d5 12. Bb5+ Kd8 13. Nf2 Nbc6 14. Re1 Qf7 15. Bh2 Bd7 16. c3 a6 17. Bd3 Bf5 18. g4 Bxd3 19. Nxd3 Ng6 20. Kg2 Be7 21. Rhf1 Qe8 22. Qe6 Rf8 23. Qxd5+ Qd7 24. Qh5 Qe8 25. d5 Nb8 26. Nc5 Rxf3 27. Nxb7+ Kc8 28. Rxf3 Kxb7 29. Rxe7 Qxe7 30. Qxg6 a5 31. d6 Qe2+ 32. Rf2 Qc4 33. dxc7 Na6 34. Qf7 Qxf7 35. Rxf7 Re8 36. Kf2 g5 37. Bg3 Nc5 38. c8Q+ 1-0